LIBRARY & INFORMATION CENTRE, KCAET, TAVANUR

ONLINE PUBLIC ACCESS CATALOGUE (OPAC)

Engineering Physics / (Record no. 12907)

MARC details
000 -LEADER
fixed length control field 00323cam a2200133ua 4500
082 ## - DEWEY DECIMAL CLASSIFICATION NUMBER
Classification number 530
Item number GAU/EN
100 ## - MAIN ENTRY--AUTHOR NAME
Personal name Gaur , R.K .
245 ## - TITLE STATEMENT
Title Engineering Physics /
250 ## - EDITION STATEMENT
Edition statement 8 /
260 ## - PUBLICATION, DISTRIBUTION, ETC. (IMPRINT)
Place of publication :
Name of publisher Dhanpat Rai Publications (P) Limited ,
Year of publication 2004.
300 ## - PHYSICAL DESCRIPTION
Number of Pages ; .
700 1# - ADDED ENTRY--PERSONAL NAME
Personal name Gupta, S.L .
942 ## - ADDED ENTRY ELEMENTS (KOHA)
Koha item type Books
Holdings
Withdrawn status Lost status Damaged status Home library Current library Date acquired Full call number Accession Number Koha item type Shelving location Collection code Cost, normal purchase price Source of acquisition
      KAUAET KAUAET 07/04/2012 530 GAU/EN 19145 Books        
      KAUAET KAUAET 07/04/2012 530 GAU/EN 19146 Book Bank scheme for SC students Scheme      
      KAUAET KAUAET 07/04/2012 530 GAU/EN 19024 Books        
      KAUAET KAUAET 07/04/2012 530 GAU/EN 21294 Books        
      KAUAET KAUAET 07/04/2012 530 GAU/EN 21295 Books        
      KAUAET KAUAET 07/04/2012 530 GAU/EN BB 82 Books        
      KAUAET KAUAET 07/04/2012 530 GAU/EN BB 83 Book Bank scheme for SC students Scheme      
    Damaged KAUAET KAUAET 07/04/2012 530 GAU/EN 21222 Books        
      KAUAET KAUAET 07/04/2012 530 GAU/EN 21223 Books        
      KAUAET KAUAET 07/04/2012 530 GAU/EN 21224 Books        
      KAUAET KAUAET 07/04/2012 530 GAU/EN 21839 Books        
      KAUAET KAUAET 07/04/2012 530 GAU/EN 19373 Books        
      KAUAET KAUAET 31/03/2012 530 GAU/EN 23551 Books General Stacks Non-fiction 535.00  
      KAUAET KAUAET 31/03/2012 530 GAU/EN 23552 Books General Stacks Non-fiction 535.00  
      KAUAET KAUAET 31/03/2012 530 GAU/EN 23553 Books General Stacks Non-fiction 535.00  
      KAUAET KAUAET 31/03/2012 530 GAU/EN 23554 Books General Stacks Non-fiction 535.00  
      KAUAET KAUAET 31/03/2012 530 GAU/EN 23555 Books General Stacks Non-fiction 535.00  
      KAUAET KAUAET 18/10/2012 530 GAU/EN BB 186 Book Bank scheme for SC students Scheme   535.00 Penta Books Distributors, Calicut.
      KAUAET KAUAET 18/10/2012 530 GAU/EN BB 187 Book Bank scheme for SC students Scheme   535.00 Penta Books Distributors, Calicut.
free website counter